000 00749nam a22001817a 4500
005 20230912115737.0
010 _aHIN-125905
020 _a9788193674994
_c495.00
035 _aHN-98251
082 _a370
100 _aमेहता,आलोक
_956357
245 _aशिक्षा की नव क्रान्ति का शंखनाद /
_cआलोक मेहता
260 _bसामयिक बुक्स
_c2022
_aदिल्ली
270 _a3320-21,जटवाडा,दरयागंज,
_bनई दिल्ली
_e110002
300 _a191 पृ.
_c23 सेमी.(सजिल्द)
700 _aआग्रवाल,दीपक
_955805
942 _2ddc
_cHN
_h370
_mमेहता
999 _c198011
_d198011